Химия: учебник

Бібліографічні деталі
Автор: Гельфман М. И. Марк Иосифович
Інші автори: Юстратов В. П. Владимир Петрович
Резюме:В книге изложены современные представления о строении атомов, молекул, кристаллических веществ и о природе химической связи. Рассмотрены закономерности протекания хими­ческих реакций и электрохимические процессы. Приводится обзор химических свойств неметаллов и металлов. Дано описа­ние фазовых равновесий дисперсных систем.Книга предназначена для студентов технических направле­ний и специальностей вузов.
Мова:Російська
Опубліковано: Санкт-Петербург, Лань, 2016
Редагування:4-е изд., стер.
Серія:Учебники для вузов. Специальная литература
Предмети:
Формат: MixedMaterials Книга
KOHA link:https://koha.lib.tpu.ru/cgi-bin/koha/opac-detail.pl?biblionumber=314071

MARC

LEADER 00000nam0a2200000 4500
001 314071
005 20231102002636.0
010 |a 5811402007 
035 |a (RuTPU)RU\TPU\book\339482 
035 |a RU\TPU\book\69521 
090 |a 314071 
100 |a 20040622d2016 m y0rusy50 ca 
101 0 |a rus 
102 |a RU 
105 |a a j 001zy 
200 1 |a Химия  |e учебник  |f М. И. Гельфман, В. П. Юстратов 
205 |a 4-е изд., стер. 
210 |a Санкт-Петербург  |c Лань  |d 2016 
215 |a 473 с.  |c ил. 
225 1 |a Учебники для вузов. Специальная литература 
320 |a Библиогр.: с. 448. 
320 |a Предметно-именной указатель: с. 459-468. 
330 |a В книге изложены современные представления о строении атомов, молекул, кристаллических веществ и о природе химической связи. Рассмотрены закономерности протекания хими­ческих реакций и электрохимические процессы. Приводится обзор химических свойств неметаллов и металлов. Дано описа­ние фазовых равновесий дисперсных систем.Книга предназначена для студентов технических направле­ний и специальностей вузов. 
606 1 |a Химия  |2 stltpush  |3 (RuTPU)RU\TPU\subj\17362  |9 43035 
610 1 |a атомы 
610 1 |a строение 
610 1 |a периодическая система 
610 1 |a молекулы 
610 1 |a химические связи 
610 1 |a межмолекулярные взаимодействия 
610 1 |a вещества 
610 1 |a конденсированные состояния 
610 1 |a неэлектролиты 
610 1 |a растворы 
610 1 |a электролиты 
610 1 |a химические реакции 
610 1 |a химическая термодинамика 
610 1 |a электрохимические процессы 
610 1 |a электрохимические методы 
610 1 |a анализ 
610 1 |a неметаллы 
610 1 |a металлы 
610 1 |a фазовое равновесие 
610 1 |a дисперсные системы 
610 1 |a экология 
610 1 |a учебники 
675 |a 54(075.8)  |v 3 
700 1 |a Гельфман  |b М. И.  |g Марк Иосифович 
701 1 |a Юстратов  |b В. П.  |g Владимир Петрович 
801 1 |a RU  |b 63413507  |c 20160208 
801 2 |a RU  |b 63413507  |c 20160805  |g RCR 
900 |a Химия 
942 |c BK 
952 |l 8 
959 |a 17/20160208  |d 3  |e 535,48  |f ЧЗТЛ:1  |f УФ:2